[Event "Mittelrhein Verbandsliga-M 1112"]
[Site "Germany"]
[Date "2012.05.06"]
[Round "10.8"]
[White "Simons, Peter"]
[Black "Pickstone, Robin"]
[Result "1-0"]
[WhiteElo "1962"]
[BlackElo "1180"]
[PlyCount "49"]
[EventDate "2011.09.18"]
[EventType "team-tourn"]
[EventRounds "11"]
[EventCountry "GER"]
[SourceTitle "EXT 2013"]
[Source "ChessBase"]
[SourceDate "2012.11.22"]
[SourceVersion "1"]
[SourceVersionDate "2012.11.22"]
[SourceQuality "1"]
[WhiteTeam "Rheinbacher SF II"]
[BlackTeam "Hitdorf SV Springer"]
[WhiteTeamCountry "GER"]
[BlackTeamCountry "GER"]

1. d4 d5 2. Nf3 c5 3. c3 e6 4. Bf4 Nc6 5. e3 Bd6 6. Bg3 Nf6 7. Nbd2 0-0 8. Bd3 h6 9. Ne5 Qc7 10. f4 Nh7 11. Bf2 f5 12. g4 Nxe5 13. fxe5 Be7 14. gxf5 exf5 15. h4 Be6 16. Qh5 Rf7 17. Rg1 Raf8 18. Qxh6 Qd7 19. Nf3 c4 20. Bc2 Bd8 21. Qh5 Kh8 22. 0-0-0 Rg8 23. Rg6 b5 24. Ng5 Bxg5 25. hxg5 1-0

[Event "Mittelrhein Verbandsliga-M 1112"]
[Site "Germany"]
[Date "2012.03.18"]
[Round "8.8"]
[White "Rosen, Daniel B"]
[Black "Pickstone, Robin"]
[Result "1-0"]
[WhiteElo "1827"]
[BlackElo "1180"]
[PlyCount "103"]
[EventDate "2011.09.18"]
[EventType "team-tourn"]
[EventRounds "11"]
[EventCountry "GER"]
[SourceTitle "EXT 2013"]
[Source "ChessBase"]
[SourceDate "2012.11.22"]
[SourceVersion "1"]
[SourceVersionDate "2012.11.22"]
[SourceQuality "1"]
[WhiteTeam "Rheinpark BSG"]
[BlackTeam "Hitdorf SV Springer"]
[WhiteTeamCountry "GER"]
[BlackTeamCountry "GER"]

1. Nf3 d5 2. g3 c5 3. Bg2 Nf6 4. d3 Nc6 5. 0-0 Bg4 6. Nbd2 e6 7. c3 Bd6 8. e4 0-0 9. Re1 Bc7 10. Qc2 d4 11. c4 e5 12. a3 Qd7 13. Nf1 Rfb8 14. Bd2 Re8 15. b4 b6 16. b5 Ne7 17. h4 a6 18. a4 Ng6 19. Bg5 Bd8 20. N3h2 Bh3 21. Bh1 h6 22. Bd2 Ng4 23. f3 Nxh2 24. Kxh2 Nxh4 25. gxh4 Bxh4 26. Re2 g5 27. Bg2 Bxg2 28. Rxg2 f5 29. Be1 Bxe1 30. Rxe1 fxe4 31. fxe4 Rf8 32. Qe2 axb5 33. axb5 Rf7 34. Ng3 Raf8 35. Rf1 Rxf1 36. Nxf1 Rf4 37. Kg1 Rh4 38. Qf3 Rf4 39. Qh5 Rh4 40. Qg6+ Kh8 41. Qf6+ Kg8 42. Qf5 Qxf5 43. exf5 Rf4 44. Rf2 Kf7 45. Ng3 Rxf2 46. Kxf2 Kf6 47. Kf3 h5 48. Ke4 h4 49. Nh5+ Kf7 50. Kxe5 g4 51. Kf4 g3 52. Kf3 1-0